00601nam a2200217Ia 450000500170000000800410001702000140005804000190007204100120009108200110010310000170011424500360013125000160016726000330018330000120021665000230022885000100025194200070026199900170026895200980028520220602111819.0131103s9999 xx 000 0 und d a330202332 aLoreto College aEnglish aFbLEA aLeasor,James aPassport to PerilcJames Leasor aUnabridged  aLondonbPan Books Ltd.c1966 a239 p.  aFiction in English aLCLIB cBK c15085d65564 00102ddc4070aMAINbMAINd2013-11-04l0oF LEA 25986pB15128r2013-11-04w2013-11-04yBKf